MAASAI MARA UNIVERSITY

LIBRARY CATALOGUE

Contact Us: +254 020 2685356/7 or 0774 057787

Box: 861-20500, NAROK, KENYA

Email: info@mmarau.ac.ke

Stier William F. (Record no. 4984)

MARC details
000 -LEADER
fixed length control field 00467nam a2200145Ia 4500
008 - FIXED-LENGTH DATA ELEMENTS--GENERAL INFORMATION
fixed length control field 151015s9999 xx 000 0 und d
020 ## - INTERNATIONAL STANDARD BOOK NUMBER
International Standard Book Number 205159443
050 ## - LIBRARY OF CONGRESS CALL NUMBER
Classification number GV 713.S75 1999
245 ## - TITLE STATEMENT
Title Stier William F.
250 ## - EDITION STATEMENT
Edition statement _Managing sport,Fitness and Recreation Programs Concepts and Practices / William F. Stier
300 ## - PHYSICAL DESCRIPTION
Extent New York : Allyn and Bacon , 1999
500 ## - GENERAL NOTE
General note Includes index
650 ## - SUBJECT ADDED ENTRY--TOPICAL TERM
Topical term or geographic name as entry element _Sports management
700 ## - ADDED ENTRY--PERSONAL NAME
Personal name ^d20130611 05:43:36^oanne

No items available.

© 2016 Maasai Mara University.